000 01328nkm a2200301 i 4500
001 3379
003 ES-MaACL
005 20250720012728.0
007 khrbo
008 051019s1984 sp --- g |001||spa d
100 0 _aAlfonso,
_d1902-1990
_919858
245 1 0 _aAnécdotas de la vida de Roso de Luna [
_hFotografía] /
_cAlfonso (sello).
260 _a[S.l. :
_bs.n.],
_c1984.
300 _a4 fot. :
_bb. y n. ;
_c12 x 18 cm.
490 1 _aHomenaje a Mario Roso de Luna
500 _aDatos basados en invitación.
511 0 _aIntervienen: Eduardo Alfonso, María Teresa Rodríguez.
518 _aActo organizado por la Sección de Pensamiento Marginal del Ateneo de Madrid en colaboración con la Sociedad Teosófica de Madrid, celebrado en el lunes, 18 de junio de 1984, a las 19:00 h.
600 1 4 _aAlfonso, Eduardo,
_d1896-1991
_919848
600 1 4 _aRodríguez, María Teresa.
_998284
610 2 4 _aAteneo de Madrid-
_xActos culturales-
_y1984-
_vFotografías.
_91898
710 2 _aAteneo de Madrid.
_bSección de Pensamiento Marginal.
_92007
710 2 _aSociedad Teosófica de Madrid.
_96809
830 0 _aHomenaje a Mario Roso de Luna
_9177214
852 _aES-MaACL
_jFOT 86/1984
856 4 _uhttp://www.ateneodemadrid.net/biblioteca_digital/imagenes/1984/0086-1984.jpg
_zVer imagen
999 _c3379
_d3379